|
|
|
|
| LEADER |
00000nam0a2200000 4500 |
| 001 |
217449 |
| 005 |
20231101230122.0 |
| 010 |
|
|
|a 9785922113434
|
| 035 |
|
|
|a (RuTPU)RU\TPU\book\237443
|
| 090 |
|
|
|a 217449
|
| 100 |
|
|
|a 20120605d2011 k y0rusy50 ca
|
| 101 |
0 |
|
|a rus
|
| 102 |
|
|
|a RU
|
| 105 |
|
|
|a a z 001zy
|
| 200 |
1 |
|
|a Энергетические методы увеличения подъемной силы крыла
|f А. В. Петров
|
| 210 |
|
|
|a Москва
|c Физматлит
|d 2011
|
| 215 |
|
|
|a 404 с.
|c ил.
|
| 320 |
|
|
|a Библиогр.: с. 386-399.
|
| 330 |
|
|
|a В монографии обобщены и систематизированы результаты исследований струйных систем увеличения подъемной силы крыльев, выполненных в ЦАГИ, а также опубликованных в отечественных и зарубежных изданиях в течение последних 30-40 лет. Рассмотрены системы управления пограничным слоем и циркуляцией путем тангенциального выдува струй на крыло, закрылки и скругленную цилиндрическую хвостовую часть крыла, струйные и эжекторные закрылки, системы выдува струй над крылом, из его торцов, способы управления искусственно создаваемым отрывом потока на крыле. Приведены результаты экспериментальных исследований струйных систем на крупномасштабных моделях и натурных самолетах различного назначения, выполненных в большой аэродинамической трубе Т-101 ЦАГИ, а также на профилях и крыльях различной формы в других до- и околозвуковых аэродинамических трубах. Изложены методы расчета аэродинамических характеристик крыльев со струйной механизацией и дано сопоставление результатов расчетов с опытными данными. Монография предназначена разработчикам авиационной техники и научно-техническим работникам, специализирующимся в области аэродинамики летательных аппаратов. Она может служить справочником и учебным пособием для преподавателей, аспирантов и студентов авиационных вузов, а также для всех, интересующихся авиацией.
|
| 606 |
1 |
|
|a Аэродинамика крыла самолета
|2 stltpush
|3 (RuTPU)RU\TPU\subj\29875
|9 53109
|
| 610 |
1 |
|
|a летательные аппараты
|
| 610 |
1 |
|
|a пограничный слой
|
| 610 |
1 |
|
|a циркуляция
|
| 610 |
1 |
|
|a несущие свойства
|
| 610 |
1 |
|
|a аэродинамические характеристики
|
| 610 |
1 |
|
|a расчеты
|
| 610 |
1 |
|
|a подъемная сила
|
| 610 |
1 |
|
|a увеличение
|
| 610 |
1 |
|
|a эжекторные системы
|
| 610 |
1 |
|
|a обтекание тел
|
| 610 |
1 |
|
|a струйные законцовки
|
| 675 |
|
|
|a 533.6
|v 3
|
| 700 |
|
1 |
|a Петров
|b А. В.
|g Альберт Васильевич
|
| 801 |
|
1 |
|a RU
|b 63413507
|c 20120605
|
| 801 |
|
2 |
|a RU
|b 63413507
|c 20120615
|g RCR
|
| 942 |
|
|
|c BK
|